Introducing organizational behaviour and management / (Record no. 2566)

000 -LEADER
fixed length control field 01733cam a2200385 a 4500
001 - CONTROL NUMBER
control field 18032737
003 - CONTROL NUMBER IDENTIFIER
control field OSt
005 - DATE AND TIME OF LATEST TRANSACTION
control field 20160802132243.0
008 - FIXED-LENGTH DATA ELEMENTS--GENERAL INFORMATION
fixed length control field 140206s2012 xxka b 001 0 eng
010 ## - LIBRARY OF CONGRESS CONTROL NUMBER
LC control number 2013478312
016 7# - NATIONAL BIBLIOGRAPHIC AGENCY CONTROL NUMBER
Record control number 016015347
Source Uk
020 ## - INTERNATIONAL STANDARD BOOK NUMBER
International Standard Book Number 9781408030189
020 ## - INTERNATIONAL STANDARD BOOK NUMBER
International Standard Book Number 1408030187
020 ## - INTERNATIONAL STANDARD BOOK NUMBER
International Standard Book Number 9781408064276
020 ## - INTERNATIONAL STANDARD BOOK NUMBER
International Standard Book Number 1408064278
035 ## - SYSTEM CONTROL NUMBER
System control number (OCoLC)ocn793999238
040 ## - CATALOGING SOURCE
Original cataloging agency AMAUA
Transcribing agency AMAUA
Modifying agency UKMGB
-- PHADU
-- YDXCP
-- OCLCO
-- DLC
042 ## - AUTHENTICATION CODE
Authentication code lccopycat
050 00 - LIBRARY OF CONGRESS CALL NUMBER
Classification number HD58.7.I55 2012
082 04 - DEWEY DECIMAL CLASSIFICATION NUMBER
Classification number 658
245 00 - TITLE STATEMENT
Title Introducing organizational behaviour and management /
Statement of responsibility, etc edited by David Knights and Hugh Willmott.
246 3# - VARYING FORM OF TITLE
Title proper/short title Introducing organizational behaviour & management
250 ## - EDITION STATEMENT
Edition statement 2nd ed.
260 ## - PUBLICATION, DISTRIBUTION, ETC. (IMPRINT)
Place of publication, distribution, etc Andover, Hampshire, U.K. :
Name of publisher, distributor, etc Cengage Learning EMEA,
Date of publication, distribution, etc 2012.
300 ## - PHYSICAL DESCRIPTION
Extent xvi, 632 p. :
Other physical details col. ill. ;
Dimensions 28 cm.
504 ## - BIBLIOGRAPHY, ETC. NOTE
Bibliography, etc Includes bibliographical references and index.
505 1# - FORMATTED CONTENTS NOTE
Formatted contents note Introduction -- Motivation and the self -- Individual differences, personality and self -- Groups and teams at work -- Maanging people: contexts of HRM, diversity and social inequlaity -- Knowledge and learning: consuming management? -- Organization: structure and design -- Management and leadership -- Politics and decision-making i organization -- Culture -- Change and innovation: new organizational forms -- Globalization and organizations -- Bureaucracy and post-bureaucracy -- Ethics at work.
650 #0 - SUBJECT ADDED ENTRY--TOPICAL TERM
Topical term or geographic name as entry element Organizational behavior.
650 #0 - SUBJECT ADDED ENTRY--TOPICAL TERM
Topical term or geographic name as entry element Personnel management.
700 1# - ADDED ENTRY--PERSONAL NAME
Personal name Knights, David.
700 1# - ADDED ENTRY--PERSONAL NAME
Personal name Willmott, Hugh.
906 ## - LOCAL DATA ELEMENT F, LDF (RLIN)
a 7
b cbc
c copycat
d 2
e ncip
f 20
g y-gencatlg
942 ## - ADDED ENTRY ELEMENTS (KOHA)
Source of classification or shelving scheme
Koha item type Book
Holdings
Withdrawn status Lost status Source of classification or shelving scheme Damaged status Not for loan Home library Current library Shelving location Date acquired Total Checkouts Full call number Barcode Date last seen Copy number Price effective from Koha item type
          Riara University Library Riara University Library General stack 02/08/2016   HD58.7.I55 2012 7943/16 02/08/2016 C.1 02/08/2016 Book
          Riara University Library Riara University Library General stack 18/10/2016   HD58.7.I55 2012 8421/16 18/10/2016 C.2 18/10/2016 Book

Riara University Library,
P.O. Box 49940-00100,
Nairobi, Kenya.